书目信息 |
| 题名: |
邮票图说世界建筑
|
|
| 作者: | 李毅民, , 李欣桐, 编著 | |
| 分册: | ||
| 出版信息: | 北京 科学普及出版社 2011.01 |
|
| 页数: | 221页 | |
| 开本: | 24cm | |
| 丛书名: | ||
| 单 册: | ||
| 中图分类: | G894.1-64 , TU-881.1 | |
| 科图分类: | ||
| 主题词: | 邮票--you piao--世界--图集 , 建筑艺术--jian zhu yi shu--世界--图集 | |
| 电子资源: | ||
| ISBN: | 978-7-110-07420-6 | |
| 000 | 00977nam0 2200265 450 | |
| 001 | 1170121139 | |
| 005 | 20111110193039.82 | |
| 010 | @a978-7-110-07420-6@dCNY53.00@z7-110-07420-X | |
| 100 | @a20110617d2011 em y0chiy50 ea | |
| 101 | 0 | @achi |
| 102 | @aCN@b110000 | |
| 105 | @aa a 000yy | |
| 200 | 1 | @a邮票图说世界建筑@Ayou piao tu shuo shi jie jian zhu@f李毅民, 李欣桐编著 |
| 210 | @a北京@c科学普及出版社@d2011.01 | |
| 215 | @a221页@c彩图@d24cm | |
| 320 | @a有书目 (第218-219页) | |
| 330 | @a本书精选了一百多个国家的一千一百多枚邮票, 辅以文字说明, 形成了图文兼顾的专题性集邮图书。其内容涉及欧洲、亚洲的经典建筑, 世界各地的民居建筑, 中国的宫殿、园林、古诗、古塔等。 | |
| 606 | 0 | @a邮票@Ayou piao@y世界@j图集 |
| 606 | 0 | @a建筑艺术@Ajian zhu yi shu@y世界@j图集 |
| 690 | @aG894.1-64@v4 | |
| 690 | @aTU-881.1@v4 | |
| 701 | 0 | @a李毅民,@Ali yi min@f1950- @4编著 |
| 701 | 0 | @a李欣桐,@Ali xin tong@f1987- @4编著 |
| 801 | 0 | @aCN@c20110617 |
| 905 | @dG894.1-64@eL314 | |
| 邮票图说世界建筑/李毅民, 李欣桐编著.-北京:科学普及出版社,2011.01 |
| 221页:彩图;24cm |
| ISBN 978-7-110-07420-6:CNY53.00 |
| 本书精选了一百多个国家的一千一百多枚邮票, 辅以文字说明, 形成了图文兼顾的专题性集邮图书。其内容涉及欧洲、亚洲的经典建筑, 世界各地的民居建筑, 中国的宫殿、园林、古诗、古塔等。 |
| ● |
| 相关链接 |
|
|
|
正题名:邮票图说世界建筑
索取号:G894.1-64/L314
 
预约/预借
| 序号 | 登录号 | 条形码 | 馆藏地/架位号 | 状态 | 备注 |
| 1 | 1221126 | 212211266 | 社科库409/309社科库 38排4列5层/ [索取号:G894.1-64/L314] | 在馆 | |
| 2 | 1221127 | 212211275 | 社科二线422/409社科库 29排3列5层/ [索取号:G894.1-64/L314] | 在馆 | |
| 3 | 1221128 | 212211284 | 社科二线422/409社科库 29排3列5层/ [索取号:G894.1-64/L314] | 在馆 |